000 00467nam a2200193Ia 4500
005 20250505145725.0
008 008 250505s9999 xx 000 0 eng d
037 _aJournal
040 _aFML
_bhin
_cFML
041 _ahin
_2hin
084 _qFML
245 0 _aSangana April- September 2020
260 _aDelhi
_bSangeet Natya Academy
_c2020
300 _a128p
490 _v38-39
650 _aMusic
942 _cCR
999 _c1311623
_d1311623